Top 10 Countries that Consume the Most Beer - Statistics

General Stats
  • This quiz has been taken 72 times
  • The average score is 9 of 11
Answer Stats
Total Consumption Answer % Correct
7615 Germany
99%
4496 United Kingdom
96%
24563 United States
96%
4496 United States
96%
8313 Russia
90%
34979 China
79%
9866 Mexico
76%
3503 Poland
74%
14077 Brazil
72%
3856 Spain
69%
4145 Vietnam
28%
No matching quizzes found
Score Distribution
Percent of People with Each Score
Percentile by Number Answered
Your Score History
You have not taken this quiz